<?xml version="1.0" encoding="UTF-8"?>
<record
    xmlns:xsi="http://www.w3.org/2001/XMLSchema-instance"
    xsi:schemaLocation="http://www.loc.gov/MARC21/slim http://www.loc.gov/standards/marcxml/schema/MARC21slim.xsd"
    xmlns="http://www.loc.gov/MARC21/slim">

  <leader>00858aaa a2200217 a 4500</leader>
  <controlfield tag="001">78442</controlfield>
  <controlfield tag="003">BD-RjUL</controlfield>
  <controlfield tag="005">20240327095948.0</controlfield>
  <controlfield tag="008">210922s1989    pak||||| |||| 001 pbeng d</controlfield>
  <datafield tag="035" ind1=" " ind2=" ">
    <subfield code="a">(BD-RjUL)78668</subfield>
  </datafield>
  <datafield tag="040" ind1=" " ind2=" ">
    <subfield code="a">BD-RjUL</subfield>
    <subfield code="b">eng</subfield>
    <subfield code="c">BD-RjUL</subfield>
  </datafield>
  <datafield tag="041" ind1=" " ind2=" ">
    <subfield code="a">ara</subfield>
  </datafield>
  <datafield tag="082" ind1=" " ind2=" ">
    <subfield code="2">23</subfield>
    <subfield code="a">U 891.43909</subfield>
    <subfield code="b">ABS 1989</subfield>
  </datafield>
  <datafield tag="100" ind1=" " ind2=" ">
    <subfield code="a"> Abdallah Sayid ;; &#x639;&#x628;&#x62F;&#x627;&#x644;&#x644;&#x647;,  &#x633;&#x64A;&#x62F;</subfield>
    <subfield code="9">248325</subfield>
  </datafield>
  <datafield tag="245" ind1=" " ind2=" ">
    <subfield code="a"> &#x633;&#x631; &#x633;&#x649;&#x651;&#x62F; &#x627;&#x62D;&#x645;&#x62F; &#x62E;&#x627;&#x6BA; : &#x627;&#x648;&#x631; &#x627;&#x646; &#x6A9;&#x6D2; &#x646;&#x627;&#x645;&#x648;&#x631; &#x631;&#x641;&#x642;&#x627; &#x6A9;&#x649; &#x646;&#x62B;&#x631; &#x6A9;&#x627; &#x641;&#x6A9;&#x631;&#x649; &#x627;&#x648;&#x631; &#x641;&#x646;&#x651;&#x649; &#x62C;&#x627;&#x626;&#x632;&#x647;
;; Sar Sayyid A&#x1E25;mad K&#x332;h&#x332;&#x101;n&#x332; : aur un ke n&#x101;mvar rufaq&#x101; k&#x12B; nas&#x332;r k&#x101; fikr&#x12B; aur fann&#x12B; j&#x101;&#x2BB;izah /</subfield>
    <subfield code="c">&#x633;&#x64A;&#x62F; &#x639;&#x628;&#x62F;&#x627;&#x644;&#x644;&#x647; ;; sayid abdallah</subfield>
  </datafield>
  <datafield tag="250" ind1=" " ind2=" ">
    <subfield code="a">2nd. ed.</subfield>
  </datafield>
  <datafield tag="260" ind1=" " ind2=" ">
    <subfield code="a">Islamabad :</subfield>
    <subfield code="b">Moqtada E Qawmi joban, </subfield>
    <subfield code="c">1989</subfield>
  </datafield>
  <datafield tag="300" ind1=" " ind2=" ">
    <subfield code="a">320 p. ;</subfield>
    <subfield code="c">21cm</subfield>
  </datafield>
  <datafield tag="650" ind1=" " ind2=" ">
    <subfield code="a">Urdu poetry </subfield>
    <subfield code="v">history &amp; criticism</subfield>
    <subfield code="9">248326</subfield>
  </datafield>
  <datafield tag="942" ind1=" " ind2=" ">
    <subfield code="2">ddc</subfield>
    <subfield code="c">BK</subfield>
  </datafield>
  <datafield tag="999" ind1=" " ind2=" ">
    <subfield code="c">78442</subfield>
    <subfield code="d">78442</subfield>
  </datafield>
  <datafield tag="952" ind1=" " ind2=" ">
    <subfield code="0">0</subfield>
    <subfield code="1">0</subfield>
    <subfield code="2">ddc</subfield>
    <subfield code="4">0</subfield>
    <subfield code="7">1</subfield>
    <subfield code="8">NFIC</subfield>
    <subfield code="a">RUCL</subfield>
    <subfield code="b">RUCL</subfield>
    <subfield code="c">Reading</subfield>
    <subfield code="d">1992-05-05</subfield>
    <subfield code="e">Abacus book, Dhaka</subfield>
    <subfield code="g">4.00</subfield>
    <subfield code="l">0</subfield>
    <subfield code="o">U 891.43909 ABS 1989</subfield>
    <subfield code="r">2021-09-22 00:00:00</subfield>
    <subfield code="t">C-1</subfield>
    <subfield code="w">2021-09-22</subfield>
    <subfield code="y">BK</subfield>
  </datafield>
</record>
